MARC details
| 000 -LEADER |
| fixed length control field |
01370nam a2200313 a 4500 |
| 008 - FIXED-LENGTH DATA ELEMENTS--GENERAL INFORMATION |
| fixed length control field |
120416s1995 ||||||||||||||||| || u |
| 020 ## - INTERNATIONAL STANDARD BOOK NUMBER |
| International Standard Book Number |
0521484367 |
| 050 ## - LIBRARY OF CONGRESS CALL NUMBER |
| Classification number |
JK 1411 Hor |
| 100 ## - MAIN ENTRY--PERSONAL NAME |
| Personal name |
Horn, Murray J |
| 245 14 - TITLE STATEMENT |
| Title |
The political economy of public administration |
| 246 ## - |
| -- |
institutional choice in the public sector |
| 260 ## - PUBLICATION, DISTRIBUTION, ETC. |
| Place of publication, distribution, etc. |
Cambridge |
| Name of publisher, distributor, etc. |
Cambridge University Press |
| Date of publication, distribution, etc. |
1995 |
| 300 ## - PHYSICAL DESCRIPTION |
| Extent |
ix, 263 p. |
| 350 ## - |
| -- |
0.00 |
| 490 ## - |
| -- |
Political economy of institutions and decisions |
| 500 ## - GENERAL NOTE |
| General note |
Includes bibliographical references (p. 241-255) and indexes. |
| 650 ## - SUBJECT ADDED ENTRY--TOPICAL TERM |
| Topical term or geographic name entry element |
Independent regulatory commissions |
| 650 ## - SUBJECT ADDED ENTRY--TOPICAL TERM |
| Topical term or geographic name entry element |
Transaction costs |
| 650 ## - SUBJECT ADDED ENTRY--TOPICAL TERM |
| Topical term or geographic name entry element |
ADMINISTRATION |
| 650 ## - SUBJECT ADDED ENTRY--TOPICAL TERM |
| Topical term or geographic name entry element |
EXECUTIVES--DEPARTMENTS |
| 650 ## - SUBJECT ADDED ENTRY--TOPICAL TERM |
| Topical term or geographic name entry element |
PUBLIC ADMINISTRATION |
| 650 #0 - SUBJECT ADDED ENTRY--TOPICAL TERM |
| Topical term or geographic name entry element |
GOVERNMENT BUSINESS ENTERPRISES |
| 650 ## - SUBJECT ADDED ENTRY--TOPICAL TERM |
| Topical term or geographic name entry element |
TEXTBOOKS |
| 856 ## - ELECTRONIC LOCATION AND ACCESS |
| Uniform Resource Identifier |
http://www.loc.gov/catdir/description/cam026/94044897.html |
| 856 ## - ELECTRONIC LOCATION AND ACCESS |
| Uniform Resource Identifier |
http://www.loc.gov/catdir/toc/cam025/94044897.html |
| 856 ## - ELECTRONIC LOCATION AND ACCESS |
| Uniform Resource Identifier |
http://www.loc.gov/catdir/samples/cam031/94044897.html |
| 995 ## - |
| -- |
ANNEX COLLECTION (Main Library) |
| -- |
0.00 |
| -- |
728060 |
| -- |
CBU-MAIN LIBRARY (Kitwe) |
| -- |
1 |
| -- |
71.00 |
| -- |
JK 1411 Hor |
| -- |
1 |
| -- |
AVAILABLE |
| -- |
026106 |
| -- |
Annex Low-Usage Collection |
| 995 ## - |
| -- |
ANNEX COLLECTION (Main Library) |
| -- |
0.00 |
| -- |
728061 |
| -- |
CBU-MAIN LIBRARY (Kitwe) |
| -- |
2 |
| -- |
71.00 |
| -- |
JK 1411 Hor |
| -- |
2 |
| -- |
AVAILABLE |
| -- |
026404 |
| -- |
Annex Low-Usage Collection |
| 999 ## - |
| -- |
82031 |
| -- |
82031 |